00418 a2200157 4500003000400000005001700004008004100021020001800062040000900080082002000089100001900109245006800128250001200196260004200208300001000250OSt20231207114706.0231207b |||||||| |||| 00| 0 eng d a9789390865826 coclc a894.8123bKUM/I aKumar, K. Hari aIndiayile Prethalayangal= India's Most Haunted /cK. Hari Kumar a1st ed. aKozhikode:bMathrubhumi Books,c2022. a304p.